000 00767nam a22002531 4500
001 4529053
003 ARRUPE
005 20150908123232.0
008 790723s1954 nbua b 000 0 eng
010 _a 54010992
040 _aDLC
_cDLC
_dDLC
050 0 0 _aQ125
_b.S23
082 0 0 _a509.3
100 1 _aSarton, George,
_d1884-1956.
_919477
245 1 0 _aAncient science and modern civilization.
_cgeorge Sarton
260 _aNew York,
_bHarper and brothers publishers
_c[1954]
300 _a111 p.
_c23 cm.
490 1 _aMontgomery lectures, 1954
504 _aIncludes bibliographical references.
650 0 _aScience
_xHistory.
_919478
650 0 _aCivilization.
_919479
906 _a7
_bcbc
_corignew
_du
_eocip
_f19
_gy-gencatlg
942 _2lcc
_cMONOGRAPH
999 _c123286
_d123286